LEADER 02514nas 2200721- 450 001 996215879203316 005 20230808213016.0 035 $a(OCoLC)891655648 035 $a(CKB)110992357244018 035 $a(CONSER)--2021244291 035 $a(EXLCZ)99110992357244018 100 $a20140929b19331963 --- b 101 0 $ager 135 $aurbn||||||abp 135 $aurbn||||||ada 181 $ctxt$2rdacontent 182 $cc$2rdamedia 183 $acr$2rdacarrier 200 00$aArchiv für Rechts- und Sozialphilosophie 210 1$aBerlin :$cVerlag für Staatswissenschaften und Geschichte,$d1933- 210 31$aBerlin :$cHermann Luchterhand 215 $a1 online resource 300 $aRefereed/Peer-reviewed 300 $aImprint varies. 300 $aIssued by Association Internationale de Philosophie du Droit et de Philosophie Social. 311 $aPrint version: Archiv fu?r Rechts- und Sozialphilosophie. (DLC)10004160 (OCoLC)8295968 0001-2343 517 1 $aARSP 517 1 $aArchives de philosophie du droit et de philosophie sociale 517 1 $aArchives for philosophy of law and social philosophy 531 $aARSP ARCHIV FUR RECHTS UND SOZIALPHILOSOPHIE 606 $aLaw$xPhilosophy$vPeriodicals 606 $aSocial sciences$xPhilosophy$vPeriodicals 606 $aDroit$zAllemagne 606 $aLaw$xPhilosophy$2fast$3(OCoLC)fst00993788 606 $aSocial sciences$xPhilosophy$2fast$3(OCoLC)fst01122940 606 $aDret$vRevistes$2lemac 606 $aEtica$vRevistes$2lemac 606 $aDret$xFilosofia$vRevistes$2lemac 606 $aCiències socials$xFilosofia$vRevistes$2lemac 606 $aLaw$zGermany$vPeriodicals$2nli 608 $aCzasopismo prawnicze.$2dbn 608 $aCzasopismo filozoficzne.$2dbn 608 $aPeriodicals.$2fast 608 $aZeitschrift.$2gnd-content 608 $aPeriodicals.$2lcgft 615 0$aLaw$xPhilosophy 615 0$aSocial sciences$xPhilosophy 615 6$aDroit 615 7$aLaw$xPhilosophy. 615 7$aSocial sciences$xPhilosophy. 615 7$aDret 615 7$aEtica 615 7$aDret$xFilosofia 615 7$aCiències socials$xFilosofia 615 7$aLaw 676 $a340/.1 686 $a012000*zs$2sbb 686 $a2$2ssgn 712 02$aInternational Association for Philosophy of Law and Social Philosophy, 906 $aJOURNAL 912 $a996215879203316 996 $aArchiv für Rechts- und Sozialphilosophie$9800308 997 $aUNISA